000 00465nam a22001457a 4500
999 _c61220
_d61220
005 20240109111800.0
008 240109s1981 enk||||| |||| 00| 0 eng d
041 _aeng
080 _a069 The-44
245 _aMuseum of Oriental Art : Moscow.
264 _aLeningrad :
_b‎Aurora Art Publishers,
_c1981.
300 _a132 p.:
_bill.;
_c19 cm.
653 _a ხელოვნების მუზეუმი: მოსკოვი
942 _2udc
_cᲬᲘᲒᲜᲘ